| LEADER |
01184nam0a2200229 450 |
| 001 |
16834800 |
| 010 |
|
|
|a 978-2-298-15270-8
|b br.
|d 22,5
|
| 100 |
|
|
|a 20190725d2026 u u0frey01 ba
|
| 101 |
0 |
|
|a fre
|
| 102 |
|
|
|a FR
|
| 200 |
0 |
|
|a amants de l'été 44 (Les)
|e l'intégrale
|f Karine Lebert
|
| 207 |
|
1 |
|a
|
| 210 |
|
|
|a Paris
|c Editions France loisirs
|d DL 2019
|
| 215 |
|
|
|a 1 vol. (793 p.)
|d 23 cm
|
| 300 |
|
|
|a Réunit : 'Les amants de l'été 44' ; 'Pour l'amour de Lauren'
|
| 330 |
|
|
|a Résumé: L'intégrale. 1 livre, 2 romans, 1 nouvelle inédite. Gemma est une jeune New-Yorkaise vive, séduisante et dynamique. A la mort de sa mère, en 2000, elle découvre que sa « vraie » grand-mère était française ; elle décide alors de partir, seule, sur ses traces. Ce voyage à la recherche de ses origines la conduit en Normandie, où elle recueille les témoignages émouvants de ceux qui ont connu Philippine.
|
| 464 |
|
|
|a Pour l'amour de Leuren
|
| 464 |
|
|
|a Vie est merveilleuse (La)
|
| 700 |
|
0 |
|a Lebert
|b Karine
|f 1969-....
|4 70
|
| 900 |
|
|
|a Roman
|
| 901 |
|
|
|a Accessible au prêt
|
| 995 |
|
|
|a Bibliothèque
|c Bibliothèque
|f 024020794
|h 024020794
|k R LEB
|o p
|q a
|r az
|e Bibliothèque
|